000 00313 a2200109 4500
001 ART_38672
005 20260410161740.0
008 260409a
245 1 0 _aDerecho del trabajo como sistema
100 1 _aCapon Filas, Rodolfo E.
773 0 _tDoctrina laboral
_g- NÂș 344 (abr. 2014)
_wREV4049
999 _c18626
_d18626